<?xml version="1.0" encoding="UTF-8"?>
<record
    xmlns:xsi="http://www.w3.org/2001/XMLSchema-instance"
    xsi:schemaLocation="http://www.loc.gov/MARC21/slim http://www.loc.gov/standards/marcxml/schema/MARC21slim.xsd"
    xmlns="http://www.loc.gov/MARC21/slim">

  <leader>01699    a2200265   4500</leader>
  <controlfield tag="003">NALT</controlfield>
  <controlfield tag="005">20241125143351.0</controlfield>
  <controlfield tag="008">190806b        th ||||| |||| 00| 0 tha d</controlfield>
  <datafield tag="020" ind1=" " ind2=" ">
    <subfield code="a">9786165145411</subfield>
  </datafield>
  <datafield tag="040" ind1=" " ind2=" ">
    <subfield code="a">NALT</subfield>
  </datafield>
  <datafield tag="050" ind1=" " ind2=" ">
    <subfield code="a">PZ 90.T5</subfield>
    <subfield code="b">&#xE27;386&#xE01; 2559</subfield>
  </datafield>
  <datafield tag="100" ind1="0" ind2=" ">
    <subfield code="a">&#xE27;&#xE31;&#xE0A;&#xE23;&#xE34;&#xE19;&#xE17;&#xE23;&#xE4C; &#xE40;&#xE23;&#xE35;&#xE22;&#xE21;</subfield>
    <subfield code="9">41457</subfield>
  </datafield>
  <datafield tag="245" ind1="1" ind2="0">
    <subfield code="a">9 &#xE04;&#xE38;&#xE13;&#xE18;&#xE23;&#xE23;&#xE21;&#xE02;&#xE2D;&#xE07;&#xE1E;&#xE48;&#xE2D; /</subfield>
    <subfield code="c">&#xE27;&#xE31;&#xE0A;&#xE23;&#xE34;&#xE19;&#xE17;&#xE23;&#xE4C; &#xE40;&#xE23;&#xE35;&#xE22;&#xE21;.</subfield>
  </datafield>
  <datafield tag="246" ind1="1" ind2="4">
    <subfield code="a">9 &#xE04;&#xE38;&#xE13;&#xE18;&#xE23;&#xE23;&#xE21;&#xE02;&#xE2D;&#xE07;&#xE1E;&#xE48;&#xE2D; : </subfield>
    <subfield code="b">&#xE01;&#xE32;&#xE23;&#xE4C;&#xE15;&#xE39;&#xE19;&#xE40;&#xE09;&#xE25;&#xE34;&#xE21;&#xE1E;&#xE23;&#xE30;&#xE40;&#xE01;&#xE35;&#xE22;&#xE23;&#xE15;&#xE34;&#xE15;&#xE32;&#xE21;&#xE23;&#xE2D;&#xE22;&#xE1E;&#xE23;&#xE30;&#xE23;&#xE32;&#xE0A;&#xE14;&#xE33;&#xE23;&#xE31;&#xE2A;&#xE02;&#xE2D;&#xE07;&#xE1E;&#xE23;&#xE30;&#xE1A;&#xE32;&#xE17;&#xE2A;&#xE21;&#xE40;&#xE14;&#xE47;&#xE08;&#xE1E;&#xE23;&#xE30;&#xE40;&#xE08;&#xE49;&#xE32;&#xE2D;&#xE22;&#xE39;&#xE48;&#xE2B;&#xE31;&#xE27; &#xE23;&#xE31;&#xE0A;&#xE01;&#xE32;&#xE25;&#xE17;&#xE35;&#xE48; 9 &#xE40;&#xE1E;&#xE37;&#xE48;&#xE2D;&#xE2A;&#xE23;&#xE49;&#xE32;&#xE07;&#xE04;&#xE38;&#xE13;&#xE18;&#xE23;&#xE23;&#xE21;&#xE41;&#xE2B;&#xE48;&#xE07;&#xE41;&#xE1C;&#xE48;&#xE19;&#xE14;&#xE34;&#xE19;.</subfield>
  </datafield>
  <datafield tag="250" ind1=" " ind2=" ">
    <subfield code="a">&#xE1E;&#xE34;&#xE21;&#xE1E;&#xE4C;&#xE04;&#xE23;&#xE31;&#xE49;&#xE07;&#xE17;&#xE35;&#xE48; 2</subfield>
  </datafield>
  <datafield tag="260" ind1=" " ind2=" ">
    <subfield code="a">&#xE01;&#xE23;&#xE38;&#xE07;&#xE40;&#xE17;&#xE1E;&#xE2F; :</subfield>
    <subfield code="b">&#xE44;&#xE17;&#xE22;&#xE04;&#xE27;&#xE2D;&#xE25;&#xE34;&#xE15;&#xE35;&#xE49;&#xE1A;&#xE38;&#xE4A;&#xE04;&#xE2A;&#xE4C;,</subfield>
    <subfield code="c">2559.</subfield>
  </datafield>
  <datafield tag="300" ind1=" " ind2=" ">
    <subfield code="a">157 &#xE2B;&#xE19;&#xE49;&#xE32; :</subfield>
    <subfield code="b">&#xE20;&#xE32;&#xE1E;&#xE1B;&#xE23;&#xE30;&#xE01;&#xE2D;&#xE1A; ;</subfield>
    <subfield code="c">19 &#xE0B;&#xE21;.</subfield>
  </datafield>
  <datafield tag="600" ind1="0" ind2="0">
    <subfield code="a">&#xE20;&#xE39;&#xE21;&#xE34;&#xE1E;&#xE25;&#xE2D;&#xE14;&#xE38;&#xE25;&#xE22;&#xE40;&#xE14;&#xE0A;,</subfield>
    <subfield code="c">&#xE1E;&#xE23;&#xE30;&#xE1A;&#xE32;&#xE17;&#xE2A;&#xE21;&#xE40;&#xE14;&#xE47;&#xE08;&#xE1E;&#xE23;&#xE30;&#xE1B;&#xE23;&#xE21;&#xE34;&#xE19;&#xE17;&#xE23;&#xE21;&#xE2B;&#xE32;,</subfield>
    <subfield code="d">2470-2559</subfield>
    <subfield code="9">361</subfield>
  </datafield>
  <datafield tag="600" ind1="0" ind2="0">
    <subfield code="a">&#xE20;&#xE39;&#xE21;&#xE34;&#xE1E;&#xE25;&#xE2D;&#xE14;&#xE38;&#xE25;&#xE22;&#xE40;&#xE14;&#xE0A;&#xE21;&#xE2B;&#xE32;&#xE23;&#xE32;&#xE0A; &#xE1A;&#xE23;&#xE21;&#xE19;&#xE32;&#xE16;&#xE1A;&#xE1E;&#xE34;&#xE15;&#xE23;, </subfield>
    <subfield code="c">&#xE1E;&#xE23;&#xE30;&#xE1A;&#xE32;&#xE17;&#xE2A;&#xE21;&#xE40;&#xE14;&#xE47;&#xE08;&#xE1E;&#xE23;&#xE30;&#xE2F;, </subfield>
    <subfield code="d">2470-2559</subfield>
    <subfield code="x">&#xE1E;&#xE23;&#xE30;&#xE23;&#xE32;&#xE0A;&#xE14;&#xE33;&#xE23;&#xE31;&#xE2A;</subfield>
    <subfield code="9">41459</subfield>
  </datafield>
  <datafield tag="650" ind1=" " ind2="4">
    <subfield code="a">&#xE1E;&#xE23;&#xE30;&#xE23;&#xE32;&#xE0A;&#xE14;&#xE33;&#xE23;&#xE31;&#xE2A;</subfield>
    <subfield code="9">15353</subfield>
  </datafield>
  <datafield tag="650" ind1=" " ind2="0">
    <subfield code="a">&#xE27;&#xE23;&#xE23;&#xE13;&#xE01;&#xE23;&#xE23;&#xE21;&#xE2A;&#xE33;&#xE2B;&#xE23;&#xE31;&#xE1A;&#xE40;&#xE14;&#xE47;&#xE01;</subfield>
    <subfield code="9">6470</subfield>
  </datafield>
  <datafield tag="850" ind1=" " ind2=" ">
    <subfield code="a">NALT</subfield>
  </datafield>
  <datafield tag="942" ind1=" " ind2=" ">
    <subfield code="2">lcc</subfield>
    <subfield code="c">GB</subfield>
  </datafield>
  <datafield tag="998" ind1=" " ind2=" ">
    <subfield code="a">phon</subfield>
    <subfield code="b">phon</subfield>
    <subfield code="c">phon</subfield>
    <subfield code="j">111</subfield>
    <subfield code="k"> &#xE19;&#xE32;&#xE07;&#xE2A;&#xE32;&#xE27;&#xE1E;&#xE08;&#xE1E;&#xE34;&#xE13;  &#xE1E;&#xE23;&#xE21;&#xE40;&#xE2D;&#xE35;&#xE48;&#xE22;&#xE21;</subfield>
  </datafield>
  <datafield tag="999" ind1=" " ind2=" ">
    <subfield code="c">96182</subfield>
    <subfield code="d">96182</subfield>
  </datafield>
  <datafield tag="952" ind1=" " ind2=" ">
    <subfield code="0">0</subfield>
    <subfield code="1">0</subfield>
    <subfield code="2">lcc</subfield>
    <subfield code="4">0</subfield>
    <subfield code="7">0</subfield>
    <subfield code="8">CGBL</subfield>
    <subfield code="a">NALT</subfield>
    <subfield code="b">NALT</subfield>
    <subfield code="d">2019-07-12</subfield>
    <subfield code="e">3</subfield>
    <subfield code="l">4</subfield>
    <subfield code="o">PZ 90.T5 &#xE27;386&#xE01; 2559</subfield>
    <subfield code="p">3961209512</subfield>
    <subfield code="r">2024-11-25 00:00:00</subfield>
    <subfield code="s">2024-11-25</subfield>
    <subfield code="t">&#xE09;.1</subfield>
    <subfield code="w">2019-07-12</subfield>
    <subfield code="y">GB</subfield>
  </datafield>
  <datafield tag="952" ind1=" " ind2=" ">
    <subfield code="0">0</subfield>
    <subfield code="1">0</subfield>
    <subfield code="2">lcc</subfield>
    <subfield code="4">0</subfield>
    <subfield code="7">0</subfield>
    <subfield code="8">CGBL</subfield>
    <subfield code="a">NALT</subfield>
    <subfield code="b">NALT</subfield>
    <subfield code="d">2019-07-12</subfield>
    <subfield code="e">3</subfield>
    <subfield code="l">1</subfield>
    <subfield code="m">1</subfield>
    <subfield code="o">PZ 90.T5 &#xE27;386&#xE01; 2559</subfield>
    <subfield code="p">3961209513</subfield>
    <subfield code="r">2022-03-25 00:00:00</subfield>
    <subfield code="s">2022-03-14</subfield>
    <subfield code="t">&#xE09;.2</subfield>
    <subfield code="w">2019-07-12</subfield>
    <subfield code="y">GB</subfield>
  </datafield>
</record>
